00537 2200205 4500001002100000005001500021035002000036245004900056100001400105300002500119856003600144700001900180260003800199082001000237084001600247020002200263600001400285990001600299990001600315INLIS00000000000057220200311024431 a0010-03200001411 aCatatan harian emak-emak trader /cLinda Lee0 aLinda Lee a187 hlm ;c13 x 19cm aPerpustakaan Umum Kota Makassar0 aAtiatul Mu'min aJakarta :bPenebar Swadaya,c2015 a808.3 a808.3 LIN c a978-602-1279-23-6 4aLinda Lee a00000001104 a00000001105